000 01403nam a2200373Ia 4500
001 ebr10551849
003 CaPaEBR
006 m u
007 cr cn|||||||||
008 111202s2012 mau sb 001 0 eng d
010 _z 2011049317
020 _z9781611682304
020 _z9781611682311
020 _z9781611682328
040 _aCaPaEBR
_cCaPaEBR
035 _a(OCoLC)791642953
050 1 4 _aBM157
_b.K87 2012eb
082 0 4 _a296.09
_223
100 1 _aKurtzer, Yehuda.
245 1 0 _aShuva
_h[electronic resource] :
_bthe future of the Jewish past /
_cYehuda Kurtzer.
260 _aWaltham, Mass. :
_bBrandeis University Press,
_cc2012.
300 _axiv, 168 p.
504 _aIncludes bibliographical references and index.
533 _aElectronic reproduction.
_bPalo Alto, Calif. :
_cebrary,
_d2011.
_nAvailable via World Wide Web.
_nAccess may be limited to ebrary affiliated libraries.
650 0 _aCommandments (Judaism)
650 0 _aHolocaust, Jewish (1939-1945)
_xInfluence.
650 0 _aJudaism
_xHistory
_xPhilosophy.
650 0 _aLove
_xReligious aspects
_xJudaism.
650 0 _aMemory
_xReligious aspects
_xJudaism.
650 0 _aRepentance
_xJudaism.
655 7 _aElectronic books.
_2local
710 2 _aebrary, Inc.
856 4 0 _uhttp://site.ebrary.com/lib/rucke/Doc?id=10551849
_zAn electronic book accessible through the World Wide Web; click to view
999 _c199211
_d199211